000 01577cam a22003011i 4500
003 SA-RiAUC
005 20250119135721.0
008 250106s2008 mk f b f100 0 ara c
040 _aSA-JeALM
_bara
_cSA-RiAUC
_erda
043 _aa-mk---
050 0 4 _b. N326 2006
082 0 4 _a250.9534
_qSA-RiAUC
090 _a250.9534
_b ن د و
111 2 _aندوة تطور العلوم الفقهية في عمان
_n(5 :
_d2006 :
_cمسقط)
245 1 2 _aالفقه العماني والمقاصد الشرعية :
_bبحوث ندوة تطور العلوم الفقهية في عمان من القرن السابع إلى العاشر للهجرة /
_cوزارة الأوقاف والشؤون الدينية ؛ مراجعة وتنسيق سليمان بن إبراهيم بابزيز الوارجلاني.
250 _aالطبعة الأولى.
264 1 _aمسقط :
_bوزارة الأوقاف والشؤون الدينية،
_c2007
300 _a611 صفحة ؛
_c24 سم
336 _aنص
_btxt
_2rdacontent
_3كتاب
337 _aبدون وسيط
_bn
_2rdamedia
338 _aمجلد
_bnc
_2rdacarrier
504 _aيشتمل على إرجاعات ببليوجرافية.
650 7 _aالفقه الإسلامي
_zعمان (سلطنة)
_xتاريخ
_yقرون 13-16
_vمؤتمرات
_2aucsh
700 1 _aالوارجلاني، سليمان بن إبراهيم
_eمراجع.
710 1 _aعمان (سلطنة).
_bوزارة الأوقاف والشؤون الدينية
_eمنظم.
942 _2ddc
_cBOOK
_n0
949 _aSA-JeALM
_d250106
_umohamedma123
_n1
999 _c4984
_d4984